Política fiscal y delitos contra la hacienda pública (Registro nro. 160508)
[ vista simple ]
| 000 -LEADER | |
|---|---|
| fixed length control field | 01321nam a2200289 a 4500 |
| 007 - PHYSICAL DESCRIPTION FIXED FIELD--GENERAL INFORMATION | |
| fixed length control field | cr ||||||||||| |
| 008 - FIXED-LENGTH DATA ELEMENTS--GENERAL INFORMATION | |
| fixed length control field | 101220s2007 sp |||||s|||||0|| ||spa|c |
| 020 ## - INTERNATIONAL STANDARD BOOK NUMBER | |
| International Standard Book Number | 9788480047678 |
| 035 ## - | |
| -- | 5236 |
| 040 ## - CATALOGING SOURCE | |
| Original cataloging agency | CCUC |
| Modifying agency | vLex |
| 090 ## - | |
| -- | 2073 |
| -- | 2073 |
| 100 1# - MAIN ENTRY--PERSONAL NAME | |
| Personal name | Bajo Fernández, Miguel |
| 245 10 - TITLE STATEMENT | |
| Title | Política fiscal y delitos contra la hacienda pública |
| Medium | [Recurso electrónico] |
| Statement of responsibility, etc | Miguel Bajo Fernández |
| 256 ## - | |
| -- | Servicio en línea |
| 260 ## - PUBLICATION, DISTRIBUTION, ETC. (IMPRINT) | |
| Place of publication, distribution, etc | [Madrid] : |
| Name of publisher, distributor, etc | Editorial Universitaria Ramón Areces, |
| Date of publication, distribution, etc | 2007 |
| 300 ## - PHYSICAL DESCRIPTION | |
| Extent | 1 recurso electrónico (355 p.) |
| 500 ## - GENERAL NOTE | |
| General note | Descripción del recurso: el 27 de abril de 2011 |
| 506 1# - RESTRICTIONS ON ACCESS NOTE | |
| Terms governing access | Contenido solo disponible en los productos indicados |
| Authorized users | vLex Global |
| -- | vLex Global (Academic Edition, excluding Law Schools) |
| -- | vLex Global (U.S. Academic Edition, Law Schools) |
| -- | vLex Global (U.S. Academic Edition, excluding Law Schools) |
| -- | vLex Global (Academic Edition, Law Schools) |
| 650 #4 - SUBJECT ADDED ENTRY--TOPICAL TERM | |
| Topical term or geographic name as entry element | Derecho fiscal |
| Source of heading or term | Tesauro vLex |
| 650 #4 - SUBJECT ADDED ENTRY--TOPICAL TERM | |
| Topical term or geographic name as entry element | Política fiscal |
| Source of heading or term | Tesauro vLex |
| 650 #4 - SUBJECT ADDED ENTRY--TOPICAL TERM | |
| Topical term or geographic name as entry element | Delitos contra la Hacienda Pública |
| Source of heading or term | Tesauro vLex |
| 710 2# - ADDED ENTRY--CORPORATE NAME | |
| Corporate name or jurisdiction name as entry element | Centro de Estudios Ramón Areces |
| 740 #0 - | |
| -- | vLex Libros (Servicios en línea) |
| 856 ## - LOCALIZACIÓN Y ACCESO ELECTRÓNICO | |
| Identificador Uniforme del Recurso (URI/URL) | https://app.vlex.com/#/sources/politica-fiscal-delitos-contra-hacienda-publica-5236 |
| 942 ## - | |
| -- | RAA |
| 999 ## - | |
| -- | 160508 |
| -- | 160508 |
No hay ítems disponibles.